000 01788cam a2200433 i 4500
999 _c57478
_d57478
001 20059829
005 20221105201851.0
008 171012s2019 nyua 001 0 eng
010 _a 2017047484
020 _a9780134604718 (Student edition) 1
020 _a0134604717 (Student edition) 1
020 _a9780134818924 (Books á la Carte edition) 1
020 _a013481892X (Books á la Carte edition) 1
020 _a9781292265322 1
040 _aDLC
_beng
_cDLC
_erda
_dDLC
042 _apcc
050 0 0 _aQH430
_b.K574 2019
080 _a575.13 C-74
082 0 0 _a572.8
_223
100 1 _aKlug, William S.,
_eauthor.
_97411
245 1 0 _aConcepts of genetics /
_cWilliam S. Klug, The College of New Jersey, Michael R. Cummings, Illinois Institute of Technology, Charlotte A. Spencer, University of Alberta, Michael A. Palladino, Monmouth University, Darrell Killian, Colorado College.
250 _aTwelfth edition.
264 1 _aNY NY :
_bPearson,
_c2019.
300 _a1 volume (various pagings) :
_bcolor illustrations ;
_c29 cm
336 _atext
_btxt
_2rdacontent
337 _aunmediated
_bn
_2rdamedia
338 _avolume
_bnc
_2rdacarrier
500 _aIncludes index.
650 0 _aGenetics
_vTextbooks.
_98653
653 _aგენეტიკა
653 _aმედიცინა
700 1 _aCummings, Michael R.,
_eავტორი
_97413
700 1 _aSpencer, Charlotte A.,
_eავტორი
_98782
700 1 _aPalladino, Michael Angelo,
_eავტორი
_98783
700 1 _aKillian, Darrell,
_eავტორი
_98784
906 _a7
_bcbc
_corignew
_d1
_eecip
_f20
_gy-gencatlg
942 _2udc
_cBK
955 _brl03 2017-10-12
_irl03 2017-10-12 to Dewey
_axn11 2018-03-06 1 copy rec'd., to CIP ver.
_irl02 2018-03-12 to Dewey